00968nam a2200229 a 450000100100000000500170001000800410002704000250006808200180009310000250011124500920013626000460022830000210027449000370029559000750033265000220040765000220042983000440045191000370049595201890053299900170072100003505020260129095557.0111024s1965 ag 000 0 spa d aDO-SdBNPbspacBNPHU a150.19bW215f1 aWallon, Henri96036310aFundamentos dialécticos de la psicología :bestudios y artículos /chenri Wallon. aBuenos Aires, Argentina :bProteo,c1965. a176 p. ;c20 cm.1 aBiblioteca persona y sociedadv2 aPerteneció a la biblioteca personal de Juan Isidro Jimenes Grullón 0aPsicología9152 0aPersonalidad9395 0aBiblioteca persona y sociedadn2960686 aValidado. Control de calidad MFF 001050718RVaGRbGRcHDd2011-10-24iLF1l0o150.19 W215fp35050-10r2020-06-25w2020-06-25y1zPerteneció a la biblioteca personal de Juan Isidro Jimenes- GrullónZNo se presta c34541d34541